000 00812nam a2200265Ia 4500
003 OSt
005 20220926022945.0
006 a|||||r|||| 00| 0
007 ta
008 220923b |||||||| |||| 00| 0 eng d
020 _a9781429255257
_c9027.3199999999997
037 _bIN2494, 09/03/2016, R K Books
_cGeneral Book
040 _aRTL
_cRTL
_beng
041 _2eng
_aeng
082 _aU287, Q4
100 _aRUDDIMAN William F
_9328484
245 0 _aEarth climate
_b Past and future
250 _a3rd
260 _aNew York
_bWH Freeman & Company
_c2014
300 _axvii, 445p
_ccm.
490 _aModern Approaches in Solid Earth Sciences
650 _aGeography
942 _hU287, Q4
_cGB
_2CC
999 _c640653
_d640653